A Catalogue of Paintings in The Bache Collection (Record no. 5241)

MARC details
000 -CABECERA
campo de control de longitud fija 00638nam a2200217 a 4500
001 - NÚMERO DE CONTROL
campo de control BRCA_5547
005 - FECHA Y HORA DE LA ÚLTIMA TRANSACCIÓN
campo de control 20190320205127.0
008 - DATOS DE LONGITUD FIJA--INFORMACIÓN GENERAL
campo de control de longitud fija 280311s1929----nyua#####c---#000-0#eng-#
041 ## - CÓDIGO DE LENGUA
Código de lengua del texto/banda sonora o título independiente eng
044 ## - CÓDIGO DEL PAÍS DE LA ENTIDAD EDITORA/PRODUCTORA
Código MARC del país nyu
050 #4 - SIGNATURA TOPOGRÁFICA DE LA BIBLIOTECA DEL CONGRESO
Número de clasificación N5220
Número de documento/Ítem .C38 1929
245 10 - MENCIÓN DE TÍTULO
Título A Catalogue of Paintings in The Bache Collection
Mención de responsabilidad, etc. the Metropolitan Museum of Art.
260 ## - PUBLICACIÓN, DISTRIBUCIÓN, ETC.
Lugar de publicación, distribución, etc. Nueva York
Nombre del editor, distribuidor, etc. B. William
Fecha de publicación, distribución, etc. 1929
300 ## - DESCRIPCIÓN FÍSICA
Extensión 54 p.
Otras características físicas il.
Dimensiones 24 cm.
500 ## - NOTA GENERAL
Nota general Incluye biografías de pintores
500 ## - NOTA GENERAL
Nota general F23
650 14 - PUNTO DE ACCESO ADICIONAL DE MATERIA--TÉRMINO DE MATERIA
Término de materia o nombre geográfico como elemento de entrada Pintura
Subdivisión de forma Catálogos
Subdivisión general Colecciones privadas
9 (RLIN) 14154
710 2# - PUNTO DE ACCESO ADICIONAL--NOMBRE DE ENTIDAD CORPORATIVA
Nombre de entidad corporativa o nombre de jurisdicción como elemento de entrada The Metropolitan Museum of Art
9 (RLIN) 14155
902 ## - CATALOGADOR
Iniciales GFM
942 ## - ELEMENTOS DE PUNTO DE ACCESO ADICIONAL (KOHA)
Fuente del sistema de clasificación o colocación Library of Congress Classification
Tipo de ítem Koha Libros
Holdings
Estado de retiro Estado de pérdida Estado dañado No para préstamo Localización permanente Ubicación/localización actual Fecha de adquisición Número de inventario Total de préstamos Signatura topográfica completa Código de barras Fecha visto por última vez Precio válido a partir de Tipo de ítem Koha
El ejemplar forma parte de la colección y puede ser consultado según las políticas vigentes.       Biblioteca del Museo Franz Mayer (Rogerio Casas-Alatriste) Biblioteca del Museo Franz Mayer (Rogerio Casas-Alatriste) 09/02/2011 F23   N5220 .C38 1929 (F23) 5983 22/03/2019 22/03/2019 Libros